Strengthening indigenous organizations : (Registro nro. 4166)

Detalles MARC
000 -CABECERA
Campo de control 00814nam a2200205 a 4500
005 - FECHA Y HORA DE LA ULTIMA TRANSACCION
Campo de control 20171201152552.0
008 - ELEMENTOS DE LONGITUD FIJA—INFORMACION GENERAL
Campo de control 140314b2000 ||||f |||| 00| 0 eng d
040 ## - FUENTE DE CATALOGACIÓN
Agencia catalogadora original CO-BoIAVH
Agencia transcriptora CO-BoIAVH
041 0# - IDIOMA
Código de idioma para texto/pista de sonido o título separado Inglés
044 ## - PAÍS DE PUBLICACIÓN
País de publicación Estados Unidos
082 04 - NUMERO DE CLASIFICACION DECIMAL DEWEY
Número de clasificación 338.98
Número del ítem J82s
100 ## - ASIENTO PRINCIPAL--NOMBRE PERSONAL
Nombre personal Uquillas, Jorge E.
Término relacionado autor
9 (RLIN) 21566
245 ## - MENCION DE TITULO
Título Strengthening indigenous organizations :
Parte restante del título the world bank's indigenous capacity-building program in Latin America
260 ## - PUBLICACION, DISTRIBUCION, ETC. (PIE DE IMPRENTA)
Lugar de publicación, distribución, etc. Washington :
Nombre del editor, distribuidor, etc. World Bank ;
-- Latin America and Caribbean Regional Office :
-- Environmentally and Socially Sustainable Development SMU.
Fecha de publicación, distribución, etc. 2000
300 ## - DESCRIPCION FISICA
Extensión 24 páginas.
Dimensiones 28 x 22 cm.
650 26 - ASIENTO SECUNDARIO DE MATERIA - TERMINO TEMATICO
Término temático o nombre geográfico como elemento de entrada Informes de gestión - Banco Mundial
9 (RLIN) 21201
650 26 - ASIENTO SECUNDARIO DE MATERIA - TERMINO TEMATICO
Término temático o nombre geográfico como elemento de entrada Comunidades indígenas
9 (RLIN) 87559
700 ## - ASIENTO SECUNDARIO - NOMBRE PERSONAL
Nombre personal Aparicio Gabara, Teresa
Término de relación autora
9 (RLIN) 21567
942 ## - ELEMENTOS ADICIONALES (KOHA)
Tipo de ítem Libro
Sistema de clasificación Dewey Decimal Classification
Existencias
Withdrawn status Lost status Sistema de Clasificación Damaged status No para préstamo Colección Inventariado Ubicación Permanente Ubicación actual Fecha de adquisición Fuente de Valor Valor Total Checkouts Número topográfico Inventario / Código de Barras Date last seen Ejemplar Price effective from Forma de adquisición Tipo de material
    Dewey Decimal Classification     General Inventariado 2017 Sala Fabio Quevedo Sala Fabio Quevedo 05/10/2004 Instituto 39000.00   LB-338.98 J82s 016744 04/12/2012 Ej. 1 04/12/2012 Donación Libro